00736 2200229 4500001002100000005001500021035002500036090002100061245012000082260006200202300003600264007000300300008004100303040001700344082001600361084001600377850001200393110003600405650001400441999002100455990003000476YOGYA00000000002395620250620011917 a0010-081400000023674 aCB-D.11 1990-14610aPenelitian pengembangan eksperimental pola pencegahan ketunasusilaan di daerah wisata pantai /cDepatemen Sosial RI31aYogyakarta :bDepartemen Sosial Republik Indonesia,c1990 aix, 101 hlm. :bilus. ;c33 cm.ta130803s1990 yoi g ind d aYOPDYOGbind04222a301.424 a301.424 PEN aYOPDYOG2 aIndonesia. Departemen Sosial RI 4aSosiologi aCB-D.11/1990-146 aCB-D.11/1990-146 (3799-D)